Say Hey (I Love You)-Michael Franti and Spearhead - Statistics

General Stats
  • This quiz has been taken 18 times
  • The average score is 361 of 484
Answer Stats
Answers % Correct
I
100%
know
100%
love
100%
say,
100%
say
100%
you
100%
you,
100%
you"
100%
a
92%
be
92%
"Hey,
92%
"Hey
92%
hey
92%
"hey
92%
on
92%
the
92%
The
92%
to
92%
and
85%
And
85%
go
85%
It
85%
it
85%
one
85%
see
85%
see,
85%
today
85%
today,
85%
all
77%
around
77%
back
77%
everywhere
77%
I'll
77%
less
77%
me,
77%
me
77%
more
77%
thing
77%
thing,
77%
way"
77%
way
77%
When
77%
when
77%
But
69%
but
69%
gone
69%
in
69%
like
69%
seems
69%
that
69%
That
69%
do?"
62%
for
62%
my
62%
My
62%
of
62%
been
54%
dance
54%
girl
54%
girl)
54%
into
54%
I've
54%
look
54%
Look
54%
lot
54%
middle
54%
not
54%
person
54%
road
54%
world
54%
boy
46%
Bump
46%
'Cause
46%
don't
46%
eyes,
46%
games
46%
ghetto
46%
kids
46%
man
46%
metaphysical
46%
momma
46%
momma,
46%
moving
46%
Now
46%
places
46%
playing
46%
saw
46%
seen
46%
stars
46%
suddenly
46%
their
46%
told
46%
want
46%
was
46%
with
46%
about
38%
always
38%
best
38%
calling
38%
can
38%
corner
38%
had
38%
hall,
38%
hall
38%
highly
38%
I'm
38%
June
38%
Junkies
38%
just
38%
lose
38%
luck
38%
name
38%
pain
38%
song
38%
true
38%
well,
38%
Well,
38%
write
38%
aligned
31%
are
31%
close
31%
Dancing
31%
joy,
31%
knew
31%
out
31%
Rocking
31%
"Rocking
31%
This
31%
your
31%
yours,
31%
(Baby
23%
down,
23%
goes
23%
hope
23%
night
23%
poppa
23%
getting
15%
gonna
15%
right
15%
What
15%
worldwide
15%
No matching quizzes found
Score Distribution
Percent of People with Each Score
Percentile by Number Answered
Your Score History
You have not taken this quiz